000 00831nam a2200229 a 4500
001 71545
003 BD-RjUL
005 20211209082129.0
008 170504s1994 ii a|||| |||| 00| 0 ben d
020 _c: Tk. 200.00
035 _a(BD-RjUL)71761
040 _aBD-RjUL
_bben
_cBD-RjUL
041 _aben
082 _223
_a793.310954
_bCHN 1994
100 1 _aচট্টোপাধ্যায়, গায়ত্রী
_9211692
245 1 0 _aনৃত্য দর্পণ /
_cগায়ত্রী চট্টোপাধ্যায়
260 _aকলকাতা :
_bকরুণা প্রকাশনী,
_c১৯৯৪
300 _a২২৪ পৃ. :
_bচিত্র ;
_c২৮ সেমি.
650 _aনৃত্য
_zভারত
_9211701
650 _aDance
_zIndia
_9144938
942 _2ddc
_cBK
999 _c71545
_d71545